zpět

Detail výsledku týmu

Zelená Žába ÚT, Pardubice

Datum a čas kvízu

30 Celkem bodů Celkový počet nahraných bodů na tomto kvízu bez doplňovacích otázek.
3. Pořadí na kvízu Konečné umístění týmu na tomto kvízu.

Zaznamenané odpovědi

# Otázka Odpověď Body Výsledky
1. Který český ministr v poslední... Vít Rakušan 1
2. Na poslední chvíli se přihlási... Igor Matovič 1
3. Cenu Czech Press Photo za rok... D) v budově soudu 1
4. Minulý týden byl spuštěn elekt... DiPSy 0
5. Ve čtvrtek byl potvrzen přestu... Lewis Hamilton, Ferrari 1
6. Ve třetím díle cestovatelského... z Janských Lázní 1
7. Stále větší oblibě cestovatelů... portugalština 0
8. Kdepak Paříž. Ve kterém městě... v Las Vegas 0
9. S písmenem M se vracíme do Čes... v Moravském Krumlově 0
10. Ve kterém století byl vybudová... v 19. století 1